000
00310nam a22001217a 4500
999
_c
4415
_d
4415
008
250217b ||||| |||| 00| 0 eng d
020
_a
9781789890730
082
_a
580
100
_a
BEDEYORE,CAMILLA DE LA
_e
AUTHOR
245
_a
CURIOUS QUESTIONS&ANSWERS ABOUT PLANTS
260
_a
UK
_b
MILES KELLY
942
_2
ddc